000 00501nam a2200181Ia 4500
005 20250326142129.0
008 250326s9999 xx 000 0 und d
037 _aTextbook
040 _aFMSL
_beng
_cFMSL
041 _aeng
_2eng
084 _aT4:55 L6
_qFMSL
100 _aA O I U
245 0 _aTowards better questions : Items writers look Book
_cA O I U
260 _aNew Delhi
_bNew Delhi, A O I U
_c1984
300 _a125p
942 _cTB
_hT4:55 L6
999 _c1293583
_d1293583